[Event "Groningen Chess Festival 2010 - Open"]
[Site "Groningen NED"]
[Date "2010.12.23"]
[Round "3.16"]
[White "Naroditsky, Daniel"]
[Black "Bijlsma, Nick"]
[Result "1-0"]
[WhiteElo "2425"]
[BlackElo "2133"]
[PlyCount "83"]
[EventDate "2010.12.21"]
[EventType "swiss"]
[EventRounds "9"]
[EventCountry "NED"]
[Source "lmi"]
[SourceDate "2010.12.21"]

1. e4 c5 2. Nf3 d6 3. d4 cxd4 4. Nxd4 Nf6 5. Nc3 Nc6 6. Bg5 Bd7 7. Qd2 Rc8 8.
f4 Nxd4 9. Qxd4 Qa5 10. e5 dxe5 11. fxe5 e6 12. O-O-O Bc6 13. Bb5 Nd5 14. Bxc6+
bxc6 15. Bd2 Qb6 16. Qxb6 axb6 17. Ne4 Be7 18. c4 b5 19. Kb1 bxc4 20. Rc1 f5
21. exf6 gxf6 22. Rxc4 Kd7 23. Rd1 Rhg8 24. g3 h5 25. Nf2 e5 26. Re1 Ke6 27.
Rec1 c5 28. Ne4 Nb6 29. R4c2 Kd5 30. Re1 f5 31. Nc3+ Ke6 32. Bf4 Bf6 33. a4
Rgd8 34. a5 Nc4 35. Na4 Rd4 36. Rxc4 Rxc4 37. Nb6 Rxf4 38. gxf4 Rc7 39. fxe5
Bh4 40. Rd1 Kxe5 41. a6 c4 42. Rd7 1-0

[Event "Groningen Chess Festival 2010 - Open"]
[Site "Groningen NED"]
[Date "2010.12.23"]
[Round "3.17"]
[White "Ootes, Lennart"]
[Black "Ashwin, Jayaram"]
[Result "1-0"]
[WhiteElo "2173"]
[BlackElo "2420"]
[PlyCount "55"]
[EventDate "2010.12.21"]
[EventType "swiss"]
[EventRounds "9"]
[EventCountry "NED"]
[Source "lmi"]
[SourceDate "2010.12.21"]

1. e4 c5 2. Nf3 d6 3. d4 cxd4 4. Nxd4 Nf6 5. Nc3 a6 6. Be2 e6 7. O-O Be7 8. Be3
Nc6 9. f4 Qc7 10. a4 O-O 11. Kh1 Bd7 12. Qd2 Rfe8 13. Nf3 Rad8 14. Bd3 Bc8 15.
Qe2 Nd7 16. f5 Nde5 17. a5 Nxa5 18. Nxe5 dxe5 19. f6 Bb4 20. Rf3 g6 21. Rh3
Rxd3 22. cxd3 Nb3 23. Rf1 Rd8 24. Bh6 Bxc3 25. Bg7 Bd2 26. Rxh7 Kxh7 27. Qg4
Bh6 28. Qh4 1-0

[Event "Groningen Chess Festival 2010 - Open"]
[Site "Groningen NED"]
[Date "2010.12.23"]
[Round "3.18"]
[White "Poetsch, Hagen"]
[Black "Van Overdam, Jan"]
[Result "1-0"]
[WhiteElo "2408"]
[BlackElo "2030"]
[PlyCount "91"]
[EventDate "2010.12.21"]
[EventType "swiss"]
[EventRounds "9"]
[EventCountry "NED"]
[Source "lmi"]
[SourceDate "2010.12.21"]

1. e4 c5 2. Nf3 g6 3. d4 cxd4 4. Qxd4 Nf6 5. Nc3 Nc6 6. Qa4 d5 7. exd5 Nxd5 8.
Bb5 Nb6 9. Bxc6+ bxc6 10. Qxc6+ Bd7 11. Qe4 Bg7 12. O-O Bf5 13. Qe2 O-O 14. Bg5
f6 15. Be3 e5 16. Nb5 Qc8 17. Nxa7 Rxa7 18. Bxb6 Rb7 19. Qe3 Qxc2 20. b4 Ra8
21. a3 Qb2 22. Nd2 Be6 23. Rfb1 Qc2 24. Rc1 Qb2 25. Qe4 Rab8 26. Nc4 Qb3 27.
Na5 Bd5 28. Qe2 Qa4 29. Nxb7 Rxb7 30. Qd3 Rd7 31. Rc8+ Kf7 32. Rc7 Ke6 33. Rxd7
Qxd7 34. Rd1 e4 35. Qh3+ f5 36. Qxh7 Qf7 37. Bd4 Bb3 38. Rd2 Bf8 39. Qxf7+ Kxf7
40. Bc5 Bh6 41. Rd7+ Ke6 42. Rd6+ Kf7 43. b5 Bf4 44. Rd8 Bg5 45. Rd7+ Ke6 46.
Rd6+ 1-0

[Event "Groningen Chess Festival 2010 - Open"]
[Site "Groningen NED"]
[Date "2010.12.23"]
[Round "3.19"]
[White "Van Overdam, Julian"]
[Black "De Jong, Migchiel"]
[Result "0-1"]
[WhiteElo "2122"]
[BlackElo "2406"]
[PlyCount "110"]
[EventDate "2010.12.21"]
[EventType "swiss"]
[EventRounds "9"]
[EventCountry "NED"]
[Source "lmi"]
[SourceDate "2010.12.21"]

1. e4 e6 2. d4 d5 3. Nd2 c5 4. Ngf3 cxd4 5. Nxd4 Nf6 6. e5 Nfd7 7. N2f3 Nc6 8.
Nxc6 bxc6 9. c4 Ba6 10. Qa4 Qb6 11. cxd5 Bxf1 12. Kxf1 exd5 13. g3 Bc5 14. Kg2
O-O 15. Qg4 f5 16. exf6 Nxf6 17. Qe6+ Kh8 18. Ne5 Ne4 19. Bf4 Qxb2 20. Rhf1
Nxf2 21. Rab1 Qc2 22. Rxf2 Qxf2+ 23. Kh3 Bd4 24. Nf7+ Rxf7 25. Qxf7 Rg8 26. Rc1
Be5 27. Rxc6 Qf1+ 28. Kg4 d4 29. Re6 Qd1+ 30. Kh3 Qf1+ 31. Kg4 Qd1+ 32. Kh3
Qf1+ 33. Kg4 Bxf4 34. Qxf4 Qxf4+ 35. Kxf4 Rd8 36. Re1 h5 37. Rd1 Kh7 38. Ke4
Kg6 39. h4 Re8+ 40. Kf4 Rd8 41. Ke4 d3 42. Rxd3 Rxd3 43. Kxd3 Kf5 44. Ke3 Kg4
45. Kf2 a5 46. Kg2 a4 47. Kf2 Kf5 48. Kf3 Ke5 49. Ke3 a3 50. Kd3 Kd5 51. Ke3
Kc4 52. Ke4 Kc3 53. Ke3 Kb2 54. Kd2 Kxa2 55. Kc2 g6 0-1

[Event "Groningen Chess Festival 2010 - Open"]
[Site "Groningen NED"]
[Date "2010.12.23"]
[Round "3.20"]
[White "Ypma, Peter"]
[Black "Aronov, Igor"]
[Result "0-1"]
[WhiteElo "2080"]
[BlackElo "2207"]
[PlyCount "102"]
[EventDate "2010.12.21"]
[EventType "swiss"]
[EventRounds "9"]
[EventCountry "NED"]
[Source "lmi"]
[SourceDate "2010.12.21"]

1. e4 Nf6 2. e5 Nd5 3. d4 d6 4. exd6 cxd6 5. g3 g6 6. Bg2 Nb6 7. Nf3 Bg7 8. O-O
O-O 9. Re1 Nc6 10. c3 Bf5 11. Bf4 e5 12. Bg5 Qc7 13. Na3 a6 14. Qd2 Rfe8 15.
Rac1 Qd7 16. dxe5 dxe5 17. Qxd7 Bxd7 18. Rcd1 Be6 19. b3 f6 20. Bd2 Rad8 21. c4
Nd7 22. Nc2 Bf8 23. h3 Nc5 24. Nb4 Nxb4 25. Bxb4 b6 26. Bxc5 Bxc5 27. Nd2 Bb4
28. Bd5 Bxd5 29. cxd5 f5 30. a3 Bc3 31. Re3 Bd4 32. Rd3 b5 33. b4 Rd6 34. Nb3
Red8 35. Kg2 Rxd5 36. f4 R5d6 37. Kf1 Kf7 38. Ke2 Ke6 39. fxe5 Bxe5 40. Nc5+
Ke7 41. g4 Rxd3 42. Rxd3 Rxd3 43. Kxd3 fxg4 44. hxg4 Bd6 45. Nxa6 h5 46. gxh5
gxh5 47. Ke4 h4 48. Kf3 h3 49. Nc5 Bxc5 50. Kg3 Bd4 51. Kxh3 Bb2 0-1

[Event "Groningen Chess Festival 2010 - Open"]
[Site "Groningen NED"]
[Date "2010.12.23"]
[Round "3.21"]
[White "Van Foreest, Jorden"]
[Black "Willemze, Thomas"]
[Result "0-1"]
[WhiteElo "1970"]
[BlackElo "2394"]
[PlyCount "66"]
[EventDate "2010.12.21"]
[EventType "swiss"]
[EventRounds "9"]
[EventCountry "NED"]
[Source "lmi"]
[SourceDate "2010.12.21"]

1. e4 c5 2. Nf3 Nc6 3. d4 cxd4 4. Nxd4 e5 5. Nb5 d6 6. N1c3 a6 7. Na3 b5 8. Nd5
Nge7 9. c3 Nxd5 10. exd5 Ne7 11. g3 g6 12. Bg2 Bg7 13. Nc2 O-O 14. O-O f5 15.
a4 Bb7 16. axb5 axb5 17. Rxa8 Qxa8 18. Nb4 h6 19. Be3 Kh7 20. Qd2 Qa4 21. Nc6
Bxc6 22. dxc6 f4 23. gxf4 exf4 24. Bd4 Bxd4 25. cxd4 f3 26. Bh3 Nxc6 27. Rd1
Re8 28. Bf1 Re4 29. Qc1 Ne7 30. Rd3 Nf5 31. Qc3 Rg4+ 32. Kh1 Qa1 33. Qc7+ Ng7
0-1

[Event "Groningen Chess Festival 2010 - Open"]
[Site "Groningen NED"]
[Date "2010.12.23"]
[Round "3.22"]
[White "Hess, Christian"]
[Black "Sparenberg, Erik"]
[Result "1/2-1/2"]
[WhiteElo "2256"]
[BlackElo "2095"]
[PlyCount "90"]
[EventDate "2010.12.21"]
[EventType "swiss"]
[EventRounds "9"]
[EventCountry "NED"]
[Source "lmi"]
[SourceDate "2010.12.21"]

1. Nf3 Nf6 2. c4 e6 3. g3 b6 4. Bg2 Bb7 5. d4 c5 6. d5 exd5 7. Ng5 Na6 8. Nc3
Be7 9. Nxd5 Nxd5 10. Bxd5 Bxd5 11. Qxd5 O-O 12. h4 Nb4 13. Qd1 h6 14. a3 hxg5
15. hxg5 Nc6 16. Qd5 g6 17. Bd2 Kg7 18. O-O-O Nd4 19. Qe5+ f6 20. gxf6+ Bxf6
21. Bh6+ Kg8 22. Qe4 Qe8 23. Qd5+ Rf7 24. e3 Nf5 25. Bf4 Rd8 26. g4 Ne7 27. Qe4
Qf8 28. Rd6 Rh7 29. Rhd1 Bg7 30. Bg5 Nc8 31. Qd5+ Kh8 32. Rxg6 Ne7 33. Bxe7
Qxe7 34. Rd6 Qe5 35. Rd2 Qxd5 36. R2xd5 Kg8 37. Kc2 Bf8 38. Rf6 Rf7 39. Rg5+
Rg7 40. Rff5 Rxg5 41. Rxg5+ Kf7 42. Kd3 a5 43. a4 Re8 44. Rd5 Ke6 45. f4 Bg7
1/2-1/2

[Event "Groningen Chess Festival 2010 - Open"]
[Site "Groningen NED"]
[Date "2010.12.23"]
[Round "3.23"]
[White "Knol, Geon"]
[Black "Partenheimer, Axel"]
[Result "0-1"]
[WhiteElo "2097"]
[BlackElo "2201"]
[PlyCount "70"]
[EventDate "2010.12.21"]
[EventType "swiss"]
[EventRounds "9"]
[EventCountry "NED"]
[Source "lmi"]
[SourceDate "2010.12.21"]

1. e4 c5 2. Nc3 Nc6 3. g3 g6 4. Bg2 Bg7 5. d3 d6 6. Be3 Rb8 7. Qd2 b5 8. Nge2
Nd4 9. Nd1 Bg4 10. Bxd4 cxd4 11. h3 Bd7 12. O-O e6 13. f4 Ne7 14. Rf2 O-O 15.
g4 f5 16. Bf3 Bc6 17. Ng3 Qd7 18. b4 Rf7 19. Nb2 Rbf8 20. exf5 exf5 21. gxf5
Bxf3 22. Rxf3 Nxf5 23. Nxf5 Rxf5 24. Raf1 Qf7 25. a4 a6 26. axb5 axb5 27. Qf2
Bh6 28. Qxd4 Bg7 29. Qxd6 Bxb2 30. Qc6 Qd5 31. Qxd5+ Rxd5 32. c4 Bd4+ 33. Kg2
Rdf5 34. Kg3 Bc3 35. Rb1 Bd2 0-1

[Event "Groningen Chess Festival 2010 - Open"]
[Site "Groningen NED"]
[Date "2010.12.23"]
[Round "3.24"]
[White "Theulings, Paul-Peter"]
[Black "Dehn, Marcus"]
[Result "1/2-1/2"]
[WhiteElo "2132"]
[BlackElo "2115"]
[PlyCount "38"]
[EventDate "2010.12.21"]
[EventType "swiss"]
[EventRounds "9"]
[EventCountry "NED"]
[Source "lmi"]
[SourceDate "2010.12.21"]

1. Nf3 d5 2. d4 c6 3. c4 e6 4. Nc3 f5 5. Bf4 Nf6 6. e3 Be7 7. Bd3 O-O 8. O-O
Bd7 9. Rc1 Ne4 10. Ne5 g5 11. Nxd7 Nxd7 12. Be5 Nxe5 13. dxe5 Nxc3 14. Rxc3 Rf7
15. cxd5 cxd5 16. Qc2 Bb4 17. Rb3 Rc8 18. Qe2 Bf8 19. Rd1 Qa5 1/2-1/2

[Event "Groningen Chess Festival 2010 - Open"]
[Site "Groningen NED"]
[Date "2010.12.23"]
[Round "3.25"]
[White "Krause, Ullrich"]
[Black "Lambrechts, Koen"]
[Result "0-1"]
[WhiteElo "2308"]
[BlackElo "2174"]
[PlyCount "74"]
[EventDate "2010.12.21"]
[EventType "swiss"]
[EventRounds "9"]
[EventCountry "NED"]
[Source "lmi"]
[SourceDate "2010.12.21"]

1. d4 b6 2. c4 Bb7 3. Nc3 e6 4. a3 f5 5. Nf3 Nf6 6. g3 Be7 7. Bg2 Ne4 8. Bd2
O-O 9. O-O d6 10. d5 Nxc3 11. Bxc3 e5 12. e4 f4 13. gxf4 Rxf4 14. Ne1 g5 15.
Nd3 Rh4 16. Nxe5 dxe5 17. Bxe5 Bf6 18. Bg3 Bxb2 19. Bxh4 gxh4 20. f4 Nd7 21. e5
Rb8 22. Ra2 Bc3 23. Rc2 Ba5 24. d6 Nc5 25. Bxb7 Rxb7 26. Rg2+ Kh8 27. dxc7 Qxc7
28. Qg4 Rb8 29. Qxh4 Ne4 30. Rd1 b5 31. h3 bxc4 32. Qg4 Bd2 33. Qf5 c3 34. Qxe4
c2 35. Rgxd2 c1=Q 36. Rd7 Rg8+ 37. Kf2 Q7c2+ 0-1

[Event "Groningen Chess Festival 2010 - Open"]
[Site "Groningen NED"]
[Date "2010.12.23"]
[Round "3.26"]
[White "Kerigan, Demre"]
[Black "Stjazhkina, Olga"]
[Result "0-1"]
[WhiteElo "2149"]
[BlackElo "2240"]
[PlyCount "72"]
[EventDate "2010.12.21"]
[EventType "swiss"]
[EventRounds "9"]
[EventCountry "NED"]
[Source "lmi"]
[SourceDate "2010.12.21"]

1. e4 e5 2. Nf3 Nc6 3. d4 exd4 4. Nxd4 Bc5 5. Nb3 Bb6 6. Nc3 Nf6 7. Bg5 h6 8.
Bh4 d6 9. Qe2 g5 10. Bg3 Qe7 11. O-O-O Be6 12. f3 O-O-O 13. Bf2 d5 14. Bxb6
axb6 15. e5 Nd7 16. Nxd5 Bxd5 17. Rxd5 Ndxe5 18. Rxd8+ Rxd8 19. Qe4 Qb4 20.
Qf5+ Kb8 21. Be2 Rd5 22. Kb1 Qd6 23. Qe4 Ng6 24. g3 f5 25. Qe3 f4 26. Qf2 Nge5
27. gxf4 gxf4 28. Rg1 Nd4 29. Nc1 Qc6 30. c3 Nxe2 31. Qxe2 Nc4 32. Nb3 Ne3 33.
Nd4 Qd7 34. Rg8+ Ka7 35. Rf8 c5 36. Nb5+ Qxb5 0-1

[Event "Groningen Chess Festival 2010 - Open"]
[Site "Groningen NED"]
[Date "2010.12.23"]
[Round "3.27"]
[White "Lyell, Mark"]
[Black "Lampert, Jonas"]
[Result "1/2-1/2"]
[WhiteElo "2210"]
[BlackElo "2131"]
[PlyCount "82"]
[EventDate "2010.12.21"]
[EventType "swiss"]
[EventRounds "9"]
[EventCountry "NED"]
[Source "lmi"]
[SourceDate "2010.12.21"]

1. e4 c5 2. Nc3 d6 3. f4 g6 4. Nf3 Bg7 5. Bc4 Nc6 6. O-O e6 7. d3 Nge7 8. Qe1
Nd4 9. Bb3 O-O 10. Nxd4 cxd4 11. Ne2 d5 12. e5 Nc6 13. c3 dxc3 14. bxc3 b6 15.
Ba3 Re8 16. Rd1 Bf8 17. Bxf8 Rxf8 18. c4 Na5 19. Nc3 Nxb3 20. axb3 a6 21. Qf2
Bb7 22. Na4 d4 23. Ra1 Bc6 24. Rfe1 Ra7 25. b4 Bxa4 26. Rxa4 Qd7 27. Rea1 Rfa8
28. h4 b5 29. R4a2 bxc4 30. dxc4 d3 31. b5 Rc7 32. Rxa6 Rxa6 33. bxa6 d2 34.
Rd1 Qa4 35. Qxd2 Rxc4 36. a7 Qxa7+ 37. Kh2 Qe7 38. g3 Qc7 39. Qd6 Rc6 40. Qd8+
Qxd8 41. Rxd8+ Kg7 1/2-1/2

[Event "Groningen Chess Festival 2010 - Open"]
[Site "Groningen NED"]
[Date "2010.12.23"]
[Round "3.28"]
[White "Jacoby, Gisbert"]
[Black "Maris, Ivo"]
[Result "0-1"]
[WhiteElo "2185"]
[BlackElo "1955"]
[PlyCount "58"]
[EventDate "2010.12.21"]
[EventType "swiss"]
[EventRounds "9"]
[EventCountry "NED"]
[Source "lmi"]
[SourceDate "2010.12.21"]

1. d4 Nf6 2. c4 e6 3. Nf3 b6 4. e3 Bb7 5. Bd3 Ne4 6. O-O Be7 7. Qc2 f5 8. Nbd2
Nd6 9. e4 O-O 10. b3 Nc6 11. a3 fxe4 12. Nxe4 Rxf3 13. gxf3 Nxd4 14. Qd1 Qf8
15. Be2 Bf6 16. Ra2 N6f5 17. Be3 Be5 18. f4 Bxe4 19. fxe5 Qf7 20. Bh5 Qe7 21.
Bxd4 Nxd4 22. f4 Qc5 23. Rff2 Bb7 24. Kf1 Rf8 25. Qd3 Ba6 26. Bd1 d5 27. Qc3
dxc4 28. b4 Qd5 29. Rad2 Qh1# 0-1

[Event "Groningen Chess Festival 2010 - Open"]
[Site "Groningen NED"]
[Date "2010.12.24"]
[Round "4.1"]
[White "Ernst, Sipke"]
[Black "Nyzhnyk, Illya"]
[Result "1/2-1/2"]
[WhiteElo "2590"]
[BlackElo "2535"]
[PlyCount "51"]
[EventDate "2010.12.21"]
[EventType "swiss"]
[EventRounds "9"]
[EventCountry "NED"]
[Source "lmi"]
[SourceDate "2010.12.21"]

1. d4 d5 2. c4 dxc4 3. Nf3 Nf6 4. e3 e6 5. Bxc4 c5 6. O-O a6 7. dxc5 Qxd1 8.
Rxd1 Bxc5 9. Be2 Nc6 10. Nbd2 Ke7 11. b3 Rd8 12. Bb2 b6 13. Ne1 a5 14. Bb5 Bd7
15. Nc4 Ne5 16. Bxd7 Nxc4 17. bxc4 Rxd7 18. Rxd7+ Kxd7 19. Nd3 Ne8 20. Rd1 Kc7
21. Kf1 f6 22. Nf4 e5 23. Ne6+ Kc6 24. Nd8+ Kc7 25. Ne6+ Kc6 26. Nd8+ 1/2-1/2

[Event "Groningen Chess Festival 2010 - Open"]
[Site "Groningen NED"]
[Date "2010.12.24"]
[Round "4.2"]
[White "Andriasian, Zaven"]
[Black "Brandenburg, Daan"]
[Result "1/2-1/2"]
[WhiteElo "2585"]
[BlackElo "2515"]
[PlyCount "87"]
[EventDate "2010.12.21"]
[EventType "swiss"]
[EventRounds "9"]
[EventCountry "NED"]
[Source "lmi"]
[SourceDate "2010.12.21"]

1. e4 c5 2. Nf3 d6 3. d4 cxd4 4. Nxd4 Nf6 5. Nc3 Nc6 6. Bg5 e6 7. Qd2 a6 8.
O-O-O Bd7 9. f3 Be7 10. h4 b5 11. Nxc6 Bxc6 12. Ne2 Rc8 13. Nd4 Bb7 14. Bd3 O-O
15. g4 Nd7 16. Qh2 Ne5 17. Kb1 Re8 18. Bxe7 Qxe7 19. h5 Qc7 20. h6 g6 21. Rhe1
f6 22. f4 Nf7 23. Rf1 d5 24. exd5 Bxd5 25. Qh4 Qe7 26. Qg3 Rcd8 27. Ne2 Nxh6
28. Qh3 Qg7 29. Nc3 Nf7 30. Nxd5 Rxd5 31. c4 Rc5 32. cxb5 axb5 33. Qe3 Qf8 34.
Rc1 Rec8 35. Rxc5 Rxc5 36. Qxe6 Qd6 37. Qxd6 Nxd6 38. Rd1 Kf7 39. b4 Rc7 40.
Kb2 Ke6 41. Kb3 g5 42. fxg5 fxg5 43. Rf1 Kd5 44. a4 1/2-1/2

[Event "Groningen Chess Festival 2010 - Open"]
[Site "Groningen NED"]
[Date "2010.12.24"]
[Round "4.3"]
[White "Baghdasaryan, Vahe"]
[Black "Bojkov, Dejan"]
[Result "0-1"]
[WhiteElo "2303"]
[BlackElo "2542"]
[PlyCount "64"]
[EventDate "2010.12.21"]
[EventType "swiss"]
[EventRounds "9"]
[EventCountry "NED"]
[Source "lmi"]
[SourceDate "2010.12.21"]

1. e4 e5 2. Nf3 Nc6 3. Bb5 a6 4. Ba4 Nf6 5. O-O Be7 6. Re1 b5 7. Bb3 d6 8. c3
O-O 9. d4 Bg4 10. Be3 exd4 11. cxd4 Na5 12. Bc2 Nc4 13. Bc1 c5 14. b3 Nb6 15.
Nbd2 cxd4 16. h3 Bh5 17. Bb2 Nfd7 18. g4 d3 19. Bxd3 Bg6 20. Rc1 d5 21. Bb1 Nc5
22. Ne5 Rc8 23. Qe2 Bg5 24. Ba3 Qd6 25. Nd3 Nbd7 26. e5 Qb6 27. Nb4 Bxb1 28.
Rxb1 Qa5 29. Nf3 Qxa3 30. Nc2 Qxa2 31. Nxg5 Ne6 32. Nxe6 Rxc2 0-1

[Event "Groningen Chess Festival 2010 - Open"]
[Site "Groningen NED"]
[Date "2010.12.24"]
[Round "4.5"]
[White "Van Kampen, Robin"]
[Black "Romanishin, Oleg M"]
[Result "1/2-1/2"]
[WhiteElo "2454"]
[BlackElo "2534"]
[PlyCount "35"]
[EventDate "2010.12.21"]
[EventType "swiss"]
[EventRounds "9"]
[EventCountry "NED"]
[Source "lmi"]
[SourceDate "2010.12.21"]

1. e4 e5 2. Nf3 Nc6 3. Bb5 a6 4. Ba4 Nf6 5. O-O Be7 6. Re1 d6 7. c3 Bg4 8. d3
Nd7 9. Nbd2 Nc5 10. Bc2 Ne6 11. h3 Bh5 12. Nf1 Bg5 13. Ng3 Bxf3 14. Qxf3 O-O
15. Be3 g6 16. Rad1 Qf6 17. Qxf6 Bxf6 18. Bb3 1/2-1/2

[Event "Groningen Chess Festival 2010 - Open"]
[Site "Groningen NED"]
[Date "2010.12.24"]
[Round "4.6"]
[White "Van Oosterom, Chiel"]
[Black "Baklan, Vladimir"]
[Result "1/2-1/2"]
[WhiteElo "2426"]
[BlackElo "2613"]
[PlyCount "60"]
[EventDate "2010.12.21"]
[EventType "swiss"]
[EventRounds "9"]
[EventCountry "NED"]
[Source "lmi"]
[SourceDate "2010.12.21"]

1. c4 Nf6 2. g3 g6 3. Bg2 Bg7 4. Nc3 O-O 5. e4 d6 6. Nge2 e5 7. O-O Nc6 8. d3
Nh5 9. f4 exf4 10. Nxf4 Nxf4 11. Bxf4 h6 12. Kh1 Kh7 13. Qd2 Nd4 14. Rae1 c6
15. Qf2 Be5 16. Qd2 g5 17. Be3 Be6 18. Ne2 c5 19. Bxd4 cxd4 20. Ng1 a5 21. Qd1
Qd7 22. Nf3 f6 23. Rf2 Kg7 24. a4 b6 25. Ref1 Rab8 26. b3 Qe7 27. Ng1 h5 28.
Nh3 Rh8 29. Nf4 h4 30. Nxe6+ Qxe6 1/2-1/2

[Event "Groningen Chess Festival 2010 - Open"]
[Site "Groningen NED"]
[Date "2010.12.24"]
[Round "4.7"]
[White "Naroditsky, Daniel"]
[Black "Gupta, Abhijeet"]
[Result "0-1"]
[WhiteElo "2425"]
[BlackElo "2600"]
[PlyCount "52"]
[EventDate "2010.12.21"]
[EventType "swiss"]
[EventRounds "9"]
[EventCountry "NED"]
[Source "lmi"]
[SourceDate "2010.12.21"]

1. e4 e6 2. d4 d5 3. Nd2 Nf6 4. e5 Nfd7 5. Bd3 c5 6. c3 Nc6 7. Ngf3 g6 8. h4 h6
9. O-O g5 10. hxg5 hxg5 11. g4 Qb6 12. Qa4 a6 13. Kg2 Be7 14. Rh1 Rxh1 15. Kxh1
Qa7 16. Nf1 b5 17. Qd1 cxd4 18. cxd4 Nxd4 19. Be3 Bc5 20. Nxg5 Nxe5 21. f4 Nc4
22. Qe1 Qe7 23. Qh4 Nxe3 24. Nxe3 Nf3 25. Qh8+ Qf8 26. Qf6 Bd4 0-1

[Event "Groningen Chess Festival 2010 - Open"]
[Site "Groningen NED"]
[Date "2010.12.24"]
[Round "4.8"]
[White "De Jong, Migchiel"]
[Black "Bluvshtein, Mark"]
[Result "0-1"]
[WhiteElo "2406"]
[BlackElo "2587"]
[PlyCount "74"]
[EventDate "2010.12.21"]
[EventType "swiss"]
[EventRounds "9"]
[EventCountry "NED"]
[Source "lmi"]
[SourceDate "2010.12.21"]

1. e4 c5 2. Nf3 Nc6 3. d4 cxd4 4. Nxd4 Nf6 5. Nc3 d6 6. Bc4 e6 7. Be3 a6 8. Bb3
Na5 9. Qd2 Be7 10. f3 Qc7 11. g4 Nc4 12. Bxc4 Qxc4 13. g5 Nd7 14. O-O-O b5 15.
Kb1 Bb7 16. h4 g6 17. h5 b4 18. Nce2 e5 19. hxg6 fxg6 20. Nb3 a5 21. Ng3 a4 22.
Nc1 b3 23. cxb3 axb3 24. Nxb3 O-O 25. Qh2 Rf7 26. Rd2 Nf8 27. Qg2 d5 28. Rc2
Qa4 29. Nc1 d4 30. b3 Qd7 31. Bd2 Ba6 32. Nf1 Rc8 33. Rxc8 Qxc8 34. Nh2 d3 35.
Be3 Ba3 36. Qd2 Rc7 37. Ng4 Rc2 0-1

[Event "Groningen Chess Festival 2010 - Open"]
[Site "Groningen NED"]
[Date "2010.12.24"]
[Round "4.9"]
[White "Donchenko, Anatoly"]
[Black "Nijboer, Friso"]
[Result "1/2-1/2"]
[WhiteElo "2391"]
[BlackElo "2583"]
[PlyCount "52"]
[EventDate "2010.12.21"]
[EventType "swiss"]
[EventRounds "9"]
[EventCountry "NED"]
[Source "lmi"]
[SourceDate "2010.12.21"]

1. d4 Nf6 2. Nf3 g6 3. g3 Bg7 4. Bg2 O-O 5. O-O d6 6. b3 Ne4 7. Bb2 f5 8. Nbd2
Nc6 9. Ne1 Ng5 10. Nef3 Nf7 11. e4 fxe4 12. Nxe4 d5 13. Nc5 b6 14. Nd3 Bg4 15.
h3 Bxf3 16. Qxf3 Nxd4 17. Bxd4 Bxd4 18. Qxd5 Qxd5 19. Bxd5 Bxa1 20. Bxa8 Bc3
21. Bg2 Rd8 22. Rd1 Rd6 23. a4 Ng5 24. f4 Ne6 25. Nf2 Kg7 26. Kf1 Nc5 1/2-1/2

[Event "Groningen Chess Festival 2010 - Open"]
[Site "Groningen NED"]
[Date "2010.12.24"]
[Round "4.10"]
[White "Werle, Jan"]
[Black "Ootes, Lennart"]
[Result "1-0"]
[WhiteElo "2578"]
[BlackElo "2173"]
[PlyCount "87"]
[EventDate "2010.12.21"]
[EventType "swiss"]
[EventRounds "9"]
[EventCountry "NED"]
[Source "lmi"]
[SourceDate "2010.12.21"]

1. d4 Nf6 2. c4 c5 3. d5 e5 4. Nc3 d6 5. e4 Nbd7 6. Nf3 Be7 7. g3 O-O 8. Bg2 b5
9. cxb5 a6 10. Bf1 Qc7 11. Nd2 Nb6 12. a4 axb5 13. Nxb5 Qb8 14. b3 Ne8 15. Be2
f5 16. O-O fxe4 17. Nxe4 Qb7 18. Nbc3 Bh3 19. Re1 Nc7 20. Bg5 Bxg5 21. Nxg5 Bf5
22. Bd3 g6 23. Bf1 Rab8 24. Nge4 Nc8 25. Bc4 Ne8 26. Qd2 Nf6 27. Nxf6+ Rxf6 28.
a5 Na7 29. Re3 h5 30. Ne4 Bxe4 31. Rxe4 Rbf8 32. a6 Qg7 33. h4 Rf5 34. Ra2 R8f6
35. b4 cxb4 36. Qxb4 g5 37. Qb7 Rf7 38. Qb8+ Kh7 39. Qxd6 gxh4 40. Rxh4 R7f6
41. Qc5 Rg5 42. Qe3 Kh6 43. Be2 Qg6 44. Rxh5+ 1-0

[Event "Groningen Chess Festival 2010 - Open"]
[Site "Groningen NED"]
[Date "2010.12.24"]
[Round "4.11"]
[White "Herman, Matthew J"]
[Black "Lobzhanidze, Davit"]
[Result "0-1"]
[WhiteElo "2149"]
[BlackElo "2496"]
[PlyCount "60"]
[EventDate "2010.12.21"]
[EventType "swiss"]
[EventRounds "9"]
[EventCountry "NED"]
[Source "lmi"]
[SourceDate "2010.12.21"]

1. e4 e6 2. d4 d5 3. Nd2 c5 4. exd5 Qxd5 5. Ngf3 cxd4 6. Bc4 Qd6 7. O-O Nf6 8.
Nb3 Nc6 9. Nbxd4 Nxd4 10. Nxd4 a6 11. Re1 Qc7 12. Bb3 Bd7 13. Qf3 Bd6 14. Nf5
Bxh2+ 15. Kh1 O-O-O 16. Nxg7 Be5 17. Bg5 Bc6 18. Bxf6 Bxf3 19. Bxe5 Qe7 20.
gxf3 Qh4+ 21. Bh2 Qxf2 22. Rf1 Qh4 23. Rad1 Rxd1 24. Rxd1 Qf2 25. Rg1 Qxf3+ 26.
Rg2 Rd8 27. Nxe6 Rd2 28. Nf4 Rd1+ 29. Bg1 Qxf4 30. c3 Qe4 0-1

[Event "Groningen Chess Festival 2010 - Open"]
[Site "Groningen NED"]
[Date "2010.12.24"]
[Round "4.12"]
[White "Pruijssers, Roeland"]
[Black "Poetsch, Hagen"]
[Result "1-0"]
[WhiteElo "2487"]
[BlackElo "2408"]
[PlyCount "59"]
[EventDate "2010.12.21"]
[EventType "swiss"]
[EventRounds "9"]
[EventCountry "NED"]
[Source "lmi"]
[SourceDate "2010.12.21"]

1. e4 e6 2. d4 d5 3. Nc3 Nf6 4. e5 Nfd7 5. f4 c5 6. Nf3 Nc6 7. Be3 cxd4 8. Nxd4
Qb6 9. Qd2 Qxb2 10. Rb1 Qa3 11. Bb5 Nxd4 12. Bxd4 a6 13. Bxd7+ Bxd7 14. Rb3 Qe7
15. Rxb7 Qh4+ 16. Bf2 Qd8 17. Bb6 Qc8 18. Rc7 Qd8 19. Rb7 Qc8 20. Rc7 Qd8 21.
Qd4 Rc8 22. Ra7 Qh4+ 23. g3 Qe7 24. Kd2 Qa3 25. Rb1 Rc4 26. Qxc4 dxc4 27. Ra8+
Bc8 28. Rxc8+ Kd7 29. Rc7+ Kd8 30. Rxc4+ 1-0

[Event "Groningen Chess Festival 2010 - Open"]
[Site "Groningen NED"]
[Date "2010.12.24"]
[Round "4.14"]
[White "Heemskerk, Wim"]
[Black "Grover, Sahaj"]
[Result "1/2-1/2"]
[WhiteElo "2263"]
[BlackElo "2432"]
[PlyCount "31"]
[EventDate "2010.12.21"]
[EventType "swiss"]
[EventRounds "9"]
[EventCountry "NED"]
[Source "lmi"]
[SourceDate "2010.12.21"]

1. Nf3 Nf6 2. g3 d5 3. Bg2 e6 4. O-O Be7 5. c4 dxc4 6. Na3 Bxa3 7. bxa3 a6 8.
a4 b5 9. Bb2 Bb7 10. axb5 axb5 11. a4 b4 12. Qc2 Bd5 13. Rfe1 c3 14. dxc3 b3
15. Qd3 Bc6 16. Qxd8+ 1/2-1/2